[Event "msr26ss"]
[Site "?"]
[Date "2026.03.26"]
[Round "3.1"]
[White "Skreko, Igor"]
[Black "Benci, Jozef"]
[Result "1-0"]
[BlackElo "2186"]
[WhiteElo "2204"]
[LiveChessVersion "1.4.8"]

1. d4 {[%clk 0:10:03]} Nf6 {[%clk 0:10:00]} 2. c4 {[%clk 0:10:04]} b6
{[%clk 0:09:25]} 3. Nc3 {[%clk 0:09:51]} Bb7 {[%clk 0:09:25]} 4. Nf3
{[%clk 0:09:35]} e6 {[%clk 0:09:20]} 5. e3 {[%clk 0:09:35]} Bb4 {[%clk 0:09:07]}
6. Bd2 {[%clk 0:09:36]} O-O {[%clk 0:08:59]} 7. Bd3 {[%clk 0:09:36]} Bxc3
{[%clk 0:07:22]} 8. Bxc3 {[%clk 0:09:36]} d5 {[%clk 0:07:22]} 9. cxd5
{[%clk 0:09:23]} exd5 {[%clk 0:07:21]} 10. O-O {[%clk 0:09:15]} Nbd7
{[%clk 0:07:19]} 11. Ne5 {[%clk 0:09:00]} Nxe5 {[%clk 0:06:55]} 12. dxe5
{[%clk 0:09:00]} Ne4 {[%clk 0:06:54]} 13. f3 {[%clk 0:07:23]} Nxc3
{[%clk 0:06:39]} 14. bxc3 {[%clk 0:07:24]} f6 {[%clk 0:05:49]} 15. exf6
{[%clk 0:06:58]} Qxf6 {[%clk 0:05:49]} 16. c4 {[%clk 0:06:50]} d4
{[%clk 0:05:12]} 17. e4 {[%clk 0:06:45]} Rae8 {[%clk 0:04:51]} 18. Qd2
{[%clk 0:06:08]} Qf4 {[%clk 0:04:11]} 19. Qxf4 {[%clk 0:06:04]} Rxf4
{[%clk 0:04:11]} 20. g3 {[%clk 0:05:47]} Rf6 {[%clk 0:03:55]} 21. Rae1
{[%clk 0:05:47]} c5 {[%clk 0:02:51]} 22. f4 {[%clk 0:05:35]} Bc6 {[%clk 0:02:26]}
23. e5 {[%clk 0:05:21]} Rfe6 {[%clk 0:01:58]} 24. Be4 {[%clk 0:05:00]} Bxe4
{[%clk 0:01:44]} 25. Rxe4 {[%clk 0:05:01]} a6 {[%clk 0:01:18]} 26. a4
{[%clk 0:05:02]} g6 {[%clk 0:00:35]} 27. Kf2 {[%clk 0:05:01]} Rb8
{[%clk 0:00:19]} 28. Rb1 {[%clk 0:05:00]} Kf7 {[%clk 0:00:16]} 29. Re2
{[%clk 0:04:52]} Rc6 {[%clk 0:00:12]} 30. Reb2 {[%clk 0:04:52]} a5
{[%clk 0:00:08]} 31. Kf3 {[%clk 0:04:49]} Ke6 {[%clk 0:00:07]} 32. Ke4
{[%clk 0:04:48]} Rb7 {[%clk 0:00:08]} 33. Rb5 {[%clk 0:04:47]} Rb8
{[%clk 0:00:05]} 34. Rxa5 {[%clk 0:04:45]} bxa5 {[%clk 0:00:05]} 35. Rxb8
{[%clk 0:04:45]} h5 {[%clk 0:00:04]} 36. Rb5 {[%clk 0:04:40]} Ke7
{[%clk 0:00:03]} 37. Rxa5 {[%clk 0:04:37]} Ke6 {[%clk 0:00:03]} 38. Rb5
{[%clk 0:04:36]} Rc7 {[%clk 0:00:04]} 39. Rb6+ {[%clk 0:04:36]} Kf7
{[%clk 0:00:05]} 40. a5 {[%clk 0:04:35]} Rd7 {[%clk 0:00:04]} 41. Rd6
{[%clk 0:04:28]} Ra7 {[%clk 0:00:04]} 42. a6 {[%clk 0:04:24]} Rc7
{[%clk 0:10:02]} 43. Rb6 1-0

[Event "msr26ss"]
[Site "?"]
[Date "2026.03.26"]
[Round "3.2"]
[White "Kostka, Pavol"]
[Black "Novomeska, Karin"]
[Result "0-1"]
[BlackElo "2014"]
[WhiteElo "1870"]
[LiveChessVersion "1.4.8"]

1. e4 {[%clk 0:10:02]} c6 {[%clk 0:10:03]} 2. d4 {[%clk 0:10:02]} d5
{[%clk 0:10:04]} 3. Nc3 {[%clk 0:10:02]} dxe4 {[%clk 0:10:05]} 4. Nxe4
{[%clk 0:10:01]} Bf5 {[%clk 0:10:05]} 5. Ng3 {[%clk 0:10:01]} Bg6
{[%clk 0:10:07]} 6. h4 {[%clk 0:10:01]} h6 {[%clk 0:10:08]} 7. Nf3
{[%clk 0:09:46]} Nd7 {[%clk 0:10:06]} 8. Bd3 {[%clk 0:09:34]} Bxd3
{[%clk 0:10:05]} 9. Qxd3 {[%clk 0:09:33]} e6 {[%clk 0:10:06]} 10. Bf4
{[%clk 0:09:25]} Qa5+ {[%clk 0:10:06]} 11. Qd2 {[%clk 0:09:09]} Bb4
{[%clk 0:09:47]} 12. c3 {[%clk 0:09:02]} Be7 {[%clk 0:09:47]} 13. Ne4
{[%clk 0:08:22]} Qd5 {[%clk 0:09:13]} 14. Qe2 {[%clk 0:07:29]} Ngf6
{[%clk 0:07:39]} 15. Nfd2 {[%clk 0:06:39]} c5 {[%clk 0:05:20]} 16. Nxf6+
{[%clk 0:04:39]} Nxf6 {[%clk 0:04:52]} 17. Nf3 {[%clk 0:04:21]} cxd4
{[%clk 0:04:33]} 18. Rd1 {[%clk 0:02:47]} O-O {[%clk 0:04:33]} 19. Rxd4
{[%clk 0:02:35]} Qxa2 {[%clk 0:04:31]} 20. O-O {[%clk 0:01:57]} Bc5
{[%clk 0:03:38]} 21. Rdd1 {[%clk 0:01:21]} Rfd8 {[%clk 0:02:57]} 22. Ne5
{[%clk 0:01:07]} Qa4 {[%clk 0:02:18]} 23. Bg3 {[%clk 0:00:25]} Qe4
{[%clk 0:01:40]} 24. Qb5 {[%clk 0:00:14]} b6 {[%clk 0:01:25]} 25. Rfe1 Qc2 26.
Rxd8+ {[%clk 0:00:09]} Rxd8 {[%clk 0:01:26]} 27. Qe2 {[%clk 0:00:07]} Rd2
{[%clk 0:01:11]} 28. Qe3 Bxe3 0-1

[Event "msr26ss"]
[Site "?"]
[Date "2026.03.26"]
[Round "3.3"]
[White "Libich, Oliver"]
[Black "Macakova, Bianka"]
[Result "1-0"]
[BlackElo "1795"]
[WhiteElo "1985"]
[LiveChessVersion "1.4.8"]

1. d4 Nf6 2. Bg5 g6 3. Bxf6 exf6 4. g3 Bg7 5. Bg2 f5 6. e3 O-O 7. Ne2 c5 8. c4
Nc6 9. Nbc3 Re8 10. O-O d6 11. Rb1 Bd7 12. a3 cxd4 13. exd4 Na5 14. b3 Rb8 15.
Qd3 b5 16. cxb5 Qb6 17. a4 a6 18. b4 Nb7 19. bxa6 Nd8 20. b5 Ne6 21. Nd5 Qa7 22.
b6 Qa8 23. Nf6+ Bxf6 24. Bxa8 Rxa8 25. b7 Rab8 26. a7 1-0

[Event "msr26ss"]
[Site "?"]
[Date "2026.03.26"]
[Round "3.4"]
[White "Halas, Oto"]
[Black "Janovsky, Samuel"]
[Result "0-1"]
[BlackElo "1825"]
[WhiteElo "1420"]
[LiveChessVersion "1.4.8"]

1. e4 {[%clk 0:10:02]} c5 {[%clk 0:10:04]} 2. Nf3 {[%clk 0:10:02]} a6
{[%clk 0:10:05]} 3. d4 {[%clk 0:10:03]} cxd4 {[%clk 0:10:06]} 4. Nxd4
{[%clk 0:10:03]} e5 {[%clk 0:10:06]} 5. Nb3 {[%clk 0:10:02]} Nf6 {[%clk 0:10:07]}
6. Nc3 {[%clk 0:10:03]} Bb4 {[%clk 0:10:08]} 7. Bd2 {[%clk 0:09:55]} d6
{[%clk 0:09:56]} 8. Bd3 {[%clk 0:09:26]} Be6 {[%clk 0:09:09]} 9. O-O
{[%clk 0:09:04]} Nc6 {[%clk 0:09:06]} 10. Ne2 {[%clk 0:07:49]} Bxb3
{[%clk 0:08:27]} 11. axb3 {[%clk 0:07:48]} Bc5 {[%clk 0:08:28]} 12. c3
{[%clk 0:06:25]} h6 {[%clk 0:07:40]} 13. Ng3 {[%clk 0:04:48]} Qb6
{[%clk 0:06:34]} 14. b4 {[%clk 0:04:10]} Nxb4 {[%clk 0:06:35]} 15. cxb4
{[%clk 0:04:07]} Bxb4 {[%clk 0:06:36]} 16. Bxb4 {[%clk 0:03:58]} Qxb4
{[%clk 0:06:29]} 17. Nf5 {[%clk 0:03:01]} O-O {[%clk 0:06:20]} 18. Qc2
{[%clk 0:02:21]} Kh8 {[%clk 0:05:34]} 19. Qc3 {[%clk 0:01:41]} Qb6
{[%clk 0:05:11]} 20. Ne7 {[%clk 0:01:36]} Rfe8 {[%clk 0:04:56]} 21. Nd5
{[%clk 0:01:34]} Nxd5 {[%clk 0:04:57]} 22. exd5 Rac8 23. Qa3 {[%clk 0:01:23]} Rc5
{[%clk 0:04:54]} 24. Be4 {[%clk 0:01:14]} Rec8 {[%clk 0:04:35]} 25. b4
{[%clk 0:01:08]} Rb5 {[%clk 0:04:23]} 26. Rab1 {[%clk 0:01:02]} Qd4
{[%clk 0:04:11]} 27. Bd3 {[%clk 0:00:47]} Rc3 {[%clk 0:04:12]} 28. Rb3
{[%clk 0:00:44]} Rxb3 {[%clk 0:04:01]} 29. Qxb3 {[%clk 0:00:43]} Rxb4
{[%clk 0:04:01]} 30. Qc2 {[%clk 0:00:40]} Qc5 {[%clk 0:03:44]} 31. Qxc5
{[%clk 0:00:38]} dxc5 {[%clk 0:03:45]} 0-1

[Event "msr26ss"]
[Site "?"]
[Date "2026.03.26"]
[Round "3.5"]
[White "Compel, Daniel"]
[Black "Lachky, Matej"]
[Result "1-0"]
[BlackElo "1741"]
[WhiteElo "2136"]
[LiveChessVersion "1.4.8"]

1. d4 {[%clk 0:10:03]} e6 {[%clk 0:10:02]} 2. c4 {[%clk 0:10:03]} d5
{[%clk 0:10:02]} 3. Nf3 {[%clk 0:10:03]} Nf6 {[%clk 0:10:02]} 4. g3
{[%clk 0:10:04]} Be7 {[%clk 0:10:01]} 5. Bg2 {[%clk 0:10:05]} c6 {[%clk 0:10:01]}
6. O-O {[%clk 0:10:05]} O-O {[%clk 0:09:51]} 7. Qc2 {[%clk 0:10:05]} Nbd7
{[%clk 0:09:44]} 8. Nbd2 {[%clk 0:10:04]} dxc4 {[%clk 0:09:37]} 9. Nxc4
{[%clk 0:10:04]} Nb6 {[%clk 0:09:36]} 10. Nce5 {[%clk 0:10:04]} Qc7
{[%clk 0:08:58]} 11. Nd3 {[%clk 0:09:54]} Nbd7 {[%clk 0:08:49]} 12. b3
{[%clk 0:09:37]} b6 {[%clk 0:08:19]} 13. Bb2 {[%clk 0:09:31]} Bb7
{[%clk 0:08:18]} 14. Rac1 {[%clk 0:09:31]} Rac8 {[%clk 0:08:15]} 15. Rfd1
{[%clk 0:09:10]} c5 {[%clk 0:07:37]} 16. dxc5 {[%clk 0:08:59]} Nxc5
{[%clk 0:07:15]} 17. Nxc5 {[%clk 0:08:23]} Qxc5 {[%clk 0:07:01]} 18. Qb1
{[%clk 0:07:34]} Qb4 {[%clk 0:05:26]} 19. Ng5 {[%clk 0:06:24]} Bxg2
{[%clk 0:02:59]} 20. Bxf6 {[%clk 0:06:01]} Be4 {[%clk 0:02:29]} 21. Bxe7
{[%clk 0:05:28]} Qxe7 {[%clk 0:01:18]} 22. Nxe4 {[%clk 0:05:27]} h6
{[%clk 0:01:09]} 23. Rxc8 {[%clk 0:05:24]} Rxc8 {[%clk 0:01:09]} 24. Qd3
{[%clk 0:05:21]} Qe8 {[%clk 0:00:58]} 25. Nd6 {[%clk 0:05:13]} 1-0

[Event "msr26ss"]
[Site "?"]
[Date "2026.03.26"]
[Round "3.6"]
[White "Jancigova, Kristina Lara"]
[Black "Hitka, Dominik"]
[Result "0-1"]
[BlackElo "2104"]
[WhiteElo "1733"]
[LiveChessVersion "1.4.8"]

1. e4 {[%clk 0:10:03]} c6 {[%clk 0:10:03]} 2. d4 {[%clk 0:10:03]} d5
{[%clk 0:10:04]} 3. exd5 {[%clk 0:10:04]} cxd5 {[%clk 0:10:04]} 4. Bd3
{[%clk 0:10:02]} Nc6 {[%clk 0:10:05]} 5. c3 {[%clk 0:10:02]} g6 {[%clk 0:10:05]}
6. Nf3 {[%clk 0:10:01]} Bg7 {[%clk 0:10:06]} 7. h3 {[%clk 0:10:00]} Nh6
{[%clk 0:10:05]} 8. O-O {[%clk 0:09:54]} O-O {[%clk 0:10:04]} 9. Be3
{[%clk 0:09:46]} Kh8 {[%clk 0:09:58]} 10. Qd2 {[%clk 0:09:44]} Nf5
{[%clk 0:09:58]} 11. Bxf5 {[%clk 0:09:25]} Bxf5 {[%clk 0:09:59]} 12. Bh6
{[%clk 0:09:22]} Re8 {[%clk 0:09:46]} 13. Bxg7+ {[%clk 0:09:22]} Kxg7
{[%clk 0:09:47]} 14. Na3 {[%clk 0:09:11]} Qb6 {[%clk 0:09:23]} 15. b4
{[%clk 0:08:31]} f6 {[%clk 0:09:10]} 16. Nc2 {[%clk 0:08:30]} a5 {[%clk 0:08:57]}
17. a3 {[%clk 0:08:29]} Be4 {[%clk 0:08:33]} 18. Qe2 {[%clk 0:08:04]} Rac8
{[%clk 0:07:55]} 19. Ne3 {[%clk 0:07:43]} e5 {[%clk 0:06:57]} 20. dxe5
{[%clk 0:07:32]} Nxe5 {[%clk 0:06:55]} 21. Nxe5 {[%clk 0:07:25]} Rxe5
{[%clk 0:06:45]} 22. Rac1 {[%clk 0:06:48]} Rce8 {[%clk 0:06:12]} 23. Qd2
{[%clk 0:06:20]} axb4 {[%clk 0:05:01]} 24. axb4 {[%clk 0:05:59]} h5
{[%clk 0:04:28]} 25. Rfd1 {[%clk 0:05:59]} Qb5 {[%clk 0:03:27]} 26. Ra1
{[%clk 0:05:28]} Qc6 {[%clk 0:02:55]} 27. Ra5 {[%clk 0:04:37]} Rg5
{[%clk 0:02:45]} 28. c4 {[%clk 0:03:40]} dxc4 {[%clk 0:02:01]} 29. Rxg5
{[%clk 0:03:39]} fxg5 {[%clk 0:02:02]} 30. Qd7+ {[%clk 0:03:21]} Kh6
{[%clk 0:01:35]} 31. Qxc6 {[%clk 0:03:17]} Bxc6 {[%clk 0:01:36]} 32. Nxc4
{[%clk 0:03:08]} Re4 {[%clk 0:01:35]} 33. Na5 {[%clk 0:02:32]} Rxb4
{[%clk 0:01:30]} 34. Nxc6 {[%clk 0:02:30]} bxc6 {[%clk 0:01:31]} 35. Rc1
{[%clk 0:02:31]} Rb6 {[%clk 0:01:32]} 36. Kf1 {[%clk 0:02:25]} Kg7
{[%clk 0:01:33]} 37. Rc2 {[%clk 0:02:25]} Kf6 {[%clk 0:01:34]} 38. Ke2
{[%clk 0:02:21]} Ke6 {[%clk 0:01:26]} 39. Kd3 {[%clk 0:02:22]} Kd6
{[%clk 0:01:27]} 40. Kc4 {[%clk 0:02:22]} Rb5 {[%clk 0:01:24]} 41. Rd2+
{[%clk 0:02:21]} Rd5 {[%clk 0:01:25]} 42. Ra2 {[%clk 0:02:14]} Rf5
{[%clk 0:01:23]} 43. Rd2+ {[%clk 0:02:11]} Kc7 {[%clk 0:01:23]} 44. Re2
{[%clk 0:02:10]} Kd6 {[%clk 0:01:14]} 45. Rd2+ {[%clk 0:02:11]} Rd5
{[%clk 0:01:15]} 46. Ra2 {[%clk 0:02:11]} Rc5+ {[%clk 0:01:16]} 47. Kd4
{[%clk 0:02:11]} Rf5 {[%clk 0:01:11]} 48. Re2 {[%clk 0:02:06]} Rf4+
{[%clk 0:01:10]} 49. Kc3 {[%clk 0:02:06]} Kd5 {[%clk 0:01:11]} 50. Rd2+
{[%clk 0:02:06]} Kc5 {[%clk 0:01:12]} 51. Re2 {[%clk 0:02:06]} g4
{[%clk 0:01:06]} 52. hxg4 {[%clk 0:02:03]} Rxg4 {[%clk 0:01:00]} 53. g3
{[%clk 0:02:01]} g5 {[%clk 0:00:58]} 54. Re5+ {[%clk 0:01:59]} Kd6
{[%clk 0:01:00]} 55. Re2 {[%clk 0:01:57]} h4 {[%clk 0:01:01]} 56. gxh4
{[%clk 0:01:57]} gxh4 {[%clk 0:01:02]} 57. Re3 {[%clk 0:01:53]} Kd5
{[%clk 0:01:02]} 58. Rh3 {[%clk 0:01:39]} c5 {[%clk 0:01:02]} 59. Kd3
{[%clk 0:01:39]} Ra4 {[%clk 0:01:02]} 60. Kd2 {[%clk 0:01:33]} Ke5
{[%clk 0:00:58]} 61. Ke2 {[%clk 0:01:32]} Kf5 {[%clk 0:00:59]} 62. Rc3
{[%clk 0:01:31]} Re4+ {[%clk 0:00:54]} 63. Kf3 {[%clk 0:01:31]} Rf4+
{[%clk 0:00:47]} 64. Ke3 {[%clk 0:01:28]} c4 {[%clk 0:00:45]} 65. Ke2
{[%clk 0:01:26]} Kg4 {[%clk 0:00:45]} 66. Rc1 {[%clk 0:01:19]} h3
{[%clk 0:00:43]} 67. f3+ {[%clk 0:01:15]} Kh4 {[%clk 0:00:26]} 68. Kf2
{[%clk 0:01:14]} Kg5 {[%clk 0:00:19]} 69. Rh1 {[%clk 0:01:10]} Rh4
{[%clk 0:00:18]} 70. Kg3 {[%clk 0:01:07]} h2 {[%clk 0:00:14]} 71. Kf2
{[%clk 0:01:02]} c3 {[%clk 0:00:13]} 72. Ke2 {[%clk 0:00:32]} c2 {[%clk 0:00:11]}
73. Kd2 {[%clk 0:00:33]} Kf4 {[%clk 0:00:12]} 74. Kxc2 {[%clk 0:00:32]} Kxf3
{[%clk 0:00:13]} 75. Kd2 {[%clk 0:00:29]} Kg2 {[%clk 0:00:14]} 0-1

[Event "msr26ss"]
[Site "?"]
[Date "2026.03.26"]
[Round "3.7"]
[White "Lakota, Jan"]
[Black "Ferencik, Juraj"]
[Result "1-0"]
[BlackElo "1655"]
[WhiteElo "1878"]
[LiveChessVersion "1.4.8"]

1. e4 {[%clk 0:10:02]} e5 {[%clk 0:10:03]} 2. Nf3 {[%clk 0:10:02]} Nc6
{[%clk 0:10:04]} 3. Bb5 {[%clk 0:10:03]} Nge7 {[%clk 0:10:05]} 4. O-O
{[%clk 0:09:48]} a6 {[%clk 0:10:06]} 5. Ba4 {[%clk 0:09:47]} d6 {[%clk 0:09:42]}
6. d4 {[%clk 0:09:26]} exd4 {[%clk 0:09:35]} 7. Nxd4 {[%clk 0:09:26]} Bd7
{[%clk 0:09:35]} 8. c3 {[%clk 0:08:53]} Nxd4 {[%clk 0:08:23]} 9. Bxd7+
{[%clk 0:08:52]} Qxd7 {[%clk 0:08:21]} 10. cxd4 {[%clk 0:08:52]} g6
{[%clk 0:08:13]} 11. Nc3 {[%clk 0:08:25]} Bg7 {[%clk 0:08:12]} 12. Be3
{[%clk 0:08:18]} c6 {[%clk 0:07:58]} 13. d5 {[%clk 0:07:31]} Bxc3
{[%clk 0:07:51]} 14. bxc3 {[%clk 0:07:32]} cxd5 {[%clk 0:07:41]} 15. Qd4
{[%clk 0:06:05]} Rg8 {[%clk 0:06:54]} 16. exd5 {[%clk 0:05:25]} Nf5
{[%clk 0:06:48]} 17. Qf6 {[%clk 0:04:43]} Qe7 {[%clk 0:06:20]} 18. Bg5
{[%clk 0:04:32]} Qxf6 {[%clk 0:05:44]} 19. Bxf6 {[%clk 0:04:32]} Kd7
{[%clk 0:05:41]} 20. Rab1 {[%clk 0:04:08]} b5 {[%clk 0:05:17]} 21. Rfe1
{[%clk 0:03:35]} Rge8 {[%clk 0:05:13]} 22. Rxe8 {[%clk 0:03:26]} Rxe8
{[%clk 0:05:13]} 23. g4 {[%clk 0:03:28]} Nh6 {[%clk 0:05:06]} 24. h3
{[%clk 0:03:03]} Ng8 {[%clk 0:04:54]} 25. Bd4 {[%clk 0:03:04]} Re2
{[%clk 0:04:35]} 26. Ra1 {[%clk 0:02:57]} Ne7 {[%clk 0:04:32]} 27. a4
{[%clk 0:02:44]} Nxd5 {[%clk 0:03:37]} 28. axb5 {[%clk 0:02:15]} axb5
{[%clk 0:03:38]} 29. Ra7+ {[%clk 0:01:43]} Ke6 {[%clk 0:03:38]} 30. Rb7
{[%clk 0:01:44]} Nf4 {[%clk 0:03:29]} 31. Rxb5 {[%clk 0:01:31]} Nxh3+
{[%clk 0:03:29]} 32. Kg2 {[%clk 0:01:32]} Nf4+ {[%clk 0:03:29]} 33. Kf3
{[%clk 0:01:33]} g5 {[%clk 0:03:13]} 34. Rxg5 {[%clk 0:01:31]} f6
{[%clk 0:03:13]} 35. Rf5 {[%clk 0:01:29]} h5 {[%clk 0:01:34]} 36. Kxf4
{[%clk 0:01:15]} hxg4 {[%clk 0:01:33]} 37. Rxf6+ {[%clk 0:01:15]} Ke7
{[%clk 0:01:33]} 38. Kxg4 {[%clk 0:01:16]} Re4+ {[%clk 0:01:33]} 39. Rf4
{[%clk 0:01:17]} Re2 {[%clk 0:01:31]} 40. Kf3 {[%clk 0:01:18]} Rb2
{[%clk 0:01:30]} 41. Re4+ {[%clk 0:01:19]} Kd7 {[%clk 0:01:31]} 42. Re2
{[%clk 0:01:18]} Rb5 {[%clk 0:01:31]} 43. Ke4 {[%clk 0:01:18]} Kc6
{[%clk 0:01:25]} 44. f4 {[%clk 0:01:17]} Rh5 {[%clk 0:01:22]} 45. Rf2
{[%clk 0:01:18]} d5+ {[%clk 0:01:19]} 46. Ke3 {[%clk 0:01:17]} Rh3+
{[%clk 0:01:20]} 47. Rf3 {[%clk 0:01:18]} Rh1 {[%clk 0:01:19]} 48. f5
{[%clk 0:01:19]} Re1+ {[%clk 0:01:19]} 49. Kf2 {[%clk 0:01:20]} Rc1
{[%clk 0:01:14]} 50. f6 {[%clk 0:01:21]} Rc2+ {[%clk 0:01:15]} 51. Kg3
{[%clk 0:01:21]} Rc1 {[%clk 0:01:09]} 52. f7 {[%clk 0:01:22]} Rg1+
{[%clk 0:01:08]} 53. Kf4 {[%clk 0:01:23]} Kb5 {[%clk 0:01:01]} 54. f8=Q
{[%clk 0:01:22]} Kc4 {[%clk 0:00:50]} 55. Qb4# 1-0

[Event "msr26ss"]
[Site "?"]
[Date "2026.03.26"]
[Round "3.8"]
[White "Zitnanska, Ema"]
[Black "Kovarova, Zuzana"]
[Result "0-1"]
[BlackElo "1607"]
[WhiteElo "1573"]
[LiveChessVersion "1.4.8"]

1. d4 {[%clk 0:10:01]} d5 {[%clk 0:10:03]} 2. c4 {[%clk 0:10:01]} e6
{[%clk 0:10:04]} 3. Nf3 {[%clk 0:10:00]} Nf6 {[%clk 0:10:05]} 4. Nc3
{[%clk 0:10:00]} Be7 {[%clk 0:10:05]} 5. Bg5 {[%clk 0:09:57]} h6 {[%clk 0:10:06]}
6. Bh4 {[%clk 0:09:58]} O-O {[%clk 0:10:05]} 7. e3 {[%clk 0:09:57]} b6
{[%clk 0:10:04]} 8. cxd5 {[%clk 0:09:52]} Nxd5 {[%clk 0:09:17]} 9. Bxe7
{[%clk 0:09:49]} Nxe7 {[%clk 0:09:15]} 10. Bd3 {[%clk 0:09:43]} Bb7
{[%clk 0:09:15]} 11. O-O {[%clk 0:09:41]} Nd7 {[%clk 0:09:00]} 12. Qc2
{[%clk 0:09:29]} Bxf3 {[%clk 0:08:18]} 13. gxf3 {[%clk 0:09:29]} c5
{[%clk 0:06:54]} 14. dxc5 {[%clk 0:08:11]} Nxc5 {[%clk 0:06:49]} 15. Rad1
{[%clk 0:08:04]} Qc7 {[%clk 0:06:09]} 16. Ne4 {[%clk 0:06:50]} Qe5
{[%clk 0:03:41]} 17. Nxc5 {[%clk 0:06:34]} bxc5 {[%clk 0:03:41]} 18. Kh1
{[%clk 0:06:20]} Rac8 {[%clk 0:02:40]} 19. Rg1 {[%clk 0:06:05]} Nd5
{[%clk 0:02:09]} 20. f4 {[%clk 0:05:23]} Qh5 {[%clk 0:01:36]} 21. Bh7+
{[%clk 0:04:28]} Kh8 {[%clk 0:01:31]} 22. Rg2 {[%clk 0:02:12]} g6
{[%clk 0:00:51]} 23. Bxg6 {[%clk 0:02:08]} fxg6 {[%clk 0:00:52]} 24. Rxg6
{[%clk 0:02:05]} Rce8 {[%clk 0:00:42]} 25. Rdg1 {[%clk 0:01:40]} Qf3+
{[%clk 0:00:36]} 26. R1g2 {[%clk 0:01:24]} Qh5 {[%clk 0:00:34]} 27. Rg1
{[%clk 0:00:35]} Rg8 {[%clk 0:00:32]} 28. R1g2 {[%clk 0:00:20]} Rxg6
{[%clk 0:00:28]} 29. Qxg6 {[%clk 0:00:18]} Qxg6 {[%clk 0:00:29]} 30. Rxg6
{[%clk 0:00:18]} Kh7 {[%clk 0:00:30]} 31. Rg1 {[%clk 0:00:17]} Rb8 32. Rb1
{[%clk 0:00:15]} Rb6 {[%clk 0:00:31]} 33. b3 {[%clk 0:00:16]} Ra6
{[%clk 0:00:33]} 34. a4 {[%clk 0:00:16]} Rb6 {[%clk 0:00:34]} 35. Rb2
{[%clk 0:00:16]} Rc6 {[%clk 0:00:33]} 36. Rc2 {[%clk 0:00:16]} Nb4
{[%clk 0:00:33]} 37. Rc3 {[%clk 0:00:14]} Kg6 {[%clk 0:00:31]} 38. Kg2
{[%clk 0:00:15]} Kf5 {[%clk 0:00:33]} 39. Kf3 {[%clk 0:00:16]} Nd5
{[%clk 0:00:33]} 40. Rc4 {[%clk 0:00:12]} a6 41. h4 {[%clk 0:00:12]} h5
{[%clk 0:00:34]} 42. Kg3 {[%clk 0:00:13]} Nb6 {[%clk 0:00:32]} 43. Rc1
{[%clk 0:00:11]} c4 {[%clk 0:00:31]} 44. Kf3 {[%clk 0:00:08]} c3 {[%clk 0:00:26]}
45. e4+ {[%clk 0:00:09]} Kf6 {[%clk 0:00:26]} 46. e5+ {[%clk 0:00:10]} Kf5
{[%clk 0:00:27]} 47. Ke3 {[%clk 0:00:11]} Nd5+ 48. Kd4 {[%clk 0:00:05]} Kxf4
{[%clk 0:00:27]} 49. b4 Nxb4 50. Rxc3 Rxc3 51. Kxc3 a5 52. Kc4 Kxe5 53. Kb5 0-1

[Event "msr26ss"]
[Site "?"]
[Date "2026.03.26"]
[Round "3.9"]
[White "Koska, Jiri"]
[Black "Elias, David"]
[Result "1-0"]
[BlackElo "2284"]
[WhiteElo "2018"]
[LiveChessVersion "1.4.8"]

1. c3 {[%clk 0:10:03]} Nf6 {[%clk 0:10:00]} 2. Nf3 {[%clk 0:10:03]} g6
{[%clk 0:10:01]} 3. g3 {[%clk 0:10:04]} Bg7 {[%clk 0:10:02]} 4. Bg2
{[%clk 0:10:05]} O-O {[%clk 0:10:02]} 5. d4 {[%clk 0:10:06]} d6 {[%clk 0:09:45]}
6. O-O {[%clk 0:10:02]} Nbd7 {[%clk 0:09:45]} 7. c4 {[%clk 0:09:28]} e5
{[%clk 0:09:08]} 8. e3 {[%clk 0:09:28]} Qe7 {[%clk 0:09:02]} 9. Nc3
{[%clk 0:09:28]} c6 {[%clk 0:09:03]} 10. b3 {[%clk 0:09:22]} h5 {[%clk 0:08:21]}
11. Ba3 {[%clk 0:08:40]} Rd8 {[%clk 0:07:30]} 12. Rc1 {[%clk 0:08:39]} a5
{[%clk 0:06:34]} 13. Qc2 {[%clk 0:06:39]} exd4 {[%clk 0:05:13]} 14. Nxd4
{[%clk 0:06:04]} Ne5 {[%clk 0:04:40]} 15. Rfd1 {[%clk 0:05:32]} h4
{[%clk 0:04:35]} 16. Nf3 {[%clk 0:04:47]} Bg4 {[%clk 0:03:57]} 17. Nxe5
{[%clk 0:03:17]} Bxd1 {[%clk 0:03:50]} 18. Nxc6 {[%clk 0:03:18]} bxc6
{[%clk 0:03:48]} 19. Rxd1 {[%clk 0:03:18]} Rac8 {[%clk 0:03:34]} 20. Ne2
{[%clk 0:02:41]} Qc7 {[%clk 0:02:13]} 21. Nd4 {[%clk 0:02:35]} d5
{[%clk 0:02:01]} 22. Qe2 {[%clk 0:01:16]} Ne4 {[%clk 0:01:38]} 23. Rc1
{[%clk 0:00:32]} Qd7 {[%clk 0:01:13]} 24. f3 {[%clk 0:00:14]} Nd6
{[%clk 0:00:44]} 25. c5 {[%clk 0:00:07]} Nf5 {[%clk 0:00:36]} 26. Nxf5
{[%clk 0:00:08]} Qxf5 {[%clk 0:00:36]} 27. gxh4 {[%clk 0:00:09]} Re8
{[%clk 0:00:34]} 28. Re1 {[%clk 0:00:07]} Bd4 {[%clk 0:00:26]} 29. Bc1
{[%clk 0:00:06]} Bxc5 {[%clk 0:00:23]} 30. Kh1 {[%clk 0:00:07]} Bd6
{[%clk 0:00:12]} 31. e4 {[%clk 0:00:05]} Qe5 32. f4 Qf5 1-0

[Event "msr26ss"]
[Site "?"]
[Date "2026.03.26"]
[Round "3.10"]
[White "Sekova, Olivia"]
[Black "Jura, Michal"]
[Result "0-1"]
[BlackElo "1945"]
[WhiteElo "2058"]
[LiveChessVersion "1.4.8"]

1. e4 {[%clk 0:10:03]} c5 {[%clk 0:10:00]} 2. Nf3 {[%clk 0:10:03]} e6
{[%clk 0:09:57]} 3. d4 {[%clk 0:10:04]} cxd4 {[%clk 0:09:58]} 4. Nxd4
{[%clk 0:10:05]} d6 {[%clk 0:09:59]} 5. Nc3 {[%clk 0:10:00]} a6 {[%clk 0:10:00]}
6. g4 {[%clk 0:09:56]} b5 {[%clk 0:09:12]} 7. a3 {[%clk 0:09:54]} Bb7
{[%clk 0:09:09]} 8. Be3 {[%clk 0:09:54]} Nf6 {[%clk 0:08:58]} 9. Qf3
{[%clk 0:09:54]} Nc6 {[%clk 0:08:48]} 10. g5 {[%clk 0:09:46]} Ne5
{[%clk 0:08:32]} 11. Qg2 {[%clk 0:09:46]} Nfd7 {[%clk 0:08:08]} 12. f4
{[%clk 0:09:40]} Nc6 {[%clk 0:07:57]} 13. O-O-O {[%clk 0:09:39]} Be7
{[%clk 0:07:43]} 14. h4 {[%clk 0:09:30]} Qc7 {[%clk 0:07:22]} 15. h5
{[%clk 0:09:30]} Nxd4 {[%clk 0:06:49]} 16. Bxd4 {[%clk 0:09:30]} e5
{[%clk 0:06:49]} 17. Be3 {[%clk 0:09:21]} Rc8 {[%clk 0:06:34]} 18. f5
{[%clk 0:09:21]} Qa5 {[%clk 0:06:02]} 19. g6 {[%clk 0:09:07]} b4 {[%clk 0:02:45]}
20. gxf7+ {[%clk 0:09:07]} Kxf7 {[%clk 0:02:28]} 21. Be2 {[%clk 0:08:13]} bxc3
{[%clk 0:02:21]} 22. h6 {[%clk 0:08:14]} cxb2+ {[%clk 0:01:12]} 23. Kb1
{[%clk 0:08:15]} g6 {[%clk 0:00:48]} 24. fxg6+ {[%clk 0:08:13]} hxg6
{[%clk 0:00:49]} 25. Bh5 {[%clk 0:07:36]} Rcg8 {[%clk 0:00:28]} 26. h7
{[%clk 0:07:29]} Rg7 {[%clk 0:00:23]} 27. Rdf1+ {[%clk 0:06:52]} Nf6
{[%clk 0:00:17]} 28. Kxb2 {[%clk 0:05:49]} d5 {[%clk 0:00:06]} 29. Rxf6+
{[%clk 0:05:03]} Bxf6 {[%clk 0:00:07]} 30. Be2 {[%clk 0:04:39]} d4
{[%clk 0:00:07]} 31. Bc4+ {[%clk 0:04:38]} Ke7 {[%clk 0:00:06]} 32. Bg5
{[%clk 0:04:34]} Qc3+ {[%clk 0:00:06]} 33. Kb1 {[%clk 0:04:26]} Qxc4
{[%clk 0:00:07]} 34. Bxf6+ {[%clk 0:04:25]} Kxf6 {[%clk 0:00:09]} 35. Rf1+
{[%clk 0:04:24]} Ke7 {[%clk 0:00:07]} 36. Qg5+ {[%clk 0:04:25]} Kd7
{[%clk 0:00:06]} 37. Rf6 {[%clk 0:02:21]} Qb5+ {[%clk 0:00:05]} 38. Ka2
{[%clk 0:02:18]} Qc4+ {[%clk 0:00:05]} 39. Kb1 {[%clk 0:02:13]} Rhxh7
{[%clk 0:00:06]} 40. Qg4+ {[%clk 0:02:10]} Kc7 {[%clk 0:00:06]} 0-1